000 00648nam a2200241Ia 4500
003 OSt
005 20220924113143.0
006 a|||||r|||| 00| 0
007 ta
008 220923b |||||||| |||| 00| 0 eng d
024 _a130969
037 _cDictionary
040 _aARTS
_cARTS
_beng
041 _2eng
_aeng
082 _aZ73,4v, M0
100 _aWhite G Eward
_9169583
245 0 _aTort law in America
_b an intellectual history
260 _aNew
_bYork Oxford Univ Press
_c1980
300 _axvi,283p.
_ccm.
650 _aLAW
_97240
942 _hZ73,4v, M0
_cdic
_2cc
999 _c389381
_d389381